Statistics for Угадай страну по её гербу

Click here to take the quiz!

General Stats

  • This quiz has been taken 349 times
  • The average score is 17 of 33

Answer Stats

Answer% Correct
Соединённые Штаты Америки
96%
Южная Корея
90%
Германия
87%
Китай
84%
Россия
83%
Испания
77%
Греция
76%
Исландия
74%
Египет
73%
Иран
66%
Непал
65%
Мексика
63%
Израиль
62%
Аргентина
61%
Япония
59%
Тайвань
57%
Австралия
56%
Великобритания
54%
Монголия
53%
Саудовская Аравия
43%
Перу
42%
Афганистан
38%
Лаос
35%
Ирландия
35%
Ватикан
35%
Таиланд
33%
Бутан
30%
Бангладеш
23%
Гаити
19%
Малайзия
19%
Ботсвана
9%
Папуа - Новая Гвинея
9%
Демократическая Республика Конго
4%

Score Distribution

Percentile by Number Answered

Percent of People with Each Score

Your Score History

You have not taken this quiz